00450nam a22001577a 4500003000500000005001700005020001500022038001100037082001800048100002100066245004000087260006400127300001300191880004100204880004700245NUST20190716111014.0 qHardcover. aWaseem a891.4911bAHM aAhmad, Ali Anwar aAkh Samundar Hoi /cAli Anwar Ahmad aLahore :bInstitute of Punjabi Language and Culture,c2001. a128 p. ; 6100-01\raعلی انور احمد  6245-02\raاکھّ سمندر ہوئی /